000 00422nam a2200157Ia 4500
008 210716s2009 xx 000 0 und d
020 _a9788131509692
041 _aeng
082 _a005.74 PRAP
100 _aPratt, Philip J;Adamski, Joseph J.
245 _aDatabase management systems.
250 _a1
260 _aNew Delhi
_bCengage Learning India Pvt Ltd
_c2009
300 _a343
650 _aDatabase Management
999 _c203896
_d203896